Martine Trade of the Malabar Coast (Record no. 19997)

MARC details
000 -LEADER
fixed length control field 00270nam a22001217a 4500
082 ## - DEWEY DECIMAL CLASSIFICATION NUMBER
Classification number 954 MAT
100 ## - MAIN ENTRY--AUTHOR NAME
Author name Mathew K.S
245 ## - TITLE STATEMENT
Title Martine Trade of the Malabar Coast
260 ## - PUBLICATION, DISTRIBUTION, ETC. (IMPRINT)
Place of publication Delhi
Name of publisher Manohar Publishers
Year of publication 2016
300 ## - PHYSICAL DESCRIPTION
Number of Pages 432
650 ## - SUBJECT ADDED ENTRY--TOPICAL TERM
Topical Term History
942 ## - ADDED ENTRY ELEMENTS (KOHA)
Koha item type Books

No items available.

                   Copyright © 2026 | Henry Martyn Institute | Hyderabad | TS-500052 | INDIA | Implemented by hmi.edu.in
Hit-Count:

Powered by Koha